| 000 | 00000nas 2200000zi 4500 |
| 001 | 9.837815 |
| 003 | CaOODSP |
| 005 | 20250620090446 |
| 006 | m o d f |
| 007 | cr cn |||||||| |
| 008 | 170606c20179999oncar p o f0 b0fre|d |
| 022 | |a2560-8568 |
| 040 | |aCaOODSP|bfre|erda|cCaOODSP |
| 043 | |an-cn--- |
| 086 | 1 |aP100-3F-PDF |
| 110 | 1 |aCanada.|eauteur. |
| 222 | 0|aRapport annuel sur les activités de la recherche sur l’opinion publique au gouvernement du Canada |
| 245 | 10|a... rapport annuel sur les activités de la recherche sur l’opinion publique au gouvernement du Canada. |
| 264 | 1|aOttawa, ON : |bMinistère des Travaux publics et des services gouvernementaux, |c2017- |
| 310 | |aAnnuel |
| 362 | 1 |aParaît depuis : 16e (du 1er avril 2016 au 31 mars 2017). |
| 500 | |aPublié aussi en anglais sous le titre : Annual report on Government of Canada public opinion research activities. |
| 550 | |aPublié par : Services publics et Approvisionnement Canada, 2018-. |
| 588 | |aDescription d'après : 16e (du 1er avril 2016 au 31 mars 2017); titre de la page couverture du fichier PDF. |
| 588 | |aDernière livraison consultée : 22e (exercice 2022 à 2023). |
| 650 | 6|aSondages d'opinion|zCanada|vPériodiques. |
| 651 | 6|aCanada|xPolitique et gouvernement|xOpinion publique|vPériodiques. |
| 655 | 7|aPériodiques|2rvmgf |
| 710 | 1 |aCanada. |bTravaux publics et services gouvernementaux Canada, |eorganisme de publication. |
| 710 | 1 |aCanada. |bServices publics et approvisionnement Canada, |eorganisme de publication. |
| 775 | 08|t... annual report on Government of Canada public opinion research activities.|w(CaOODSP)9.837814 |
| 780 | 00|tLa recherche sur l'opinion publique au gouvernement du Canada |w(CaOODSP)9.502124 |
| 856 | 40|qHTML|sS.O.|uhttps://www.canada.ca/fr/services-publics-approvisionnement/services/communication/recherche-sur-opinion-publique/rapports-annuels.html |